| 000 | 00488nam a2200157 a 4500 | ||
|---|---|---|---|
| 001 | 000021844 | ||
| 005 | 20200930011454.0 | ||
| 008 | 100913s1950 dr 000 0 spa d | ||
| 040 |
_aDO-SdBNP _bspa _cBNPHU |
||
| 082 |
_axxx _bT866e |
||
| 100 | 1 |
_aTrujillo Molina, Rafael L. _930560 |
|
| 245 | 1 | 3 |
_aThe evolution of democracy en Santo Domingo / _cRafael L. Trujillo Molina. |
| 260 |
_aCiudad Trujillo, República Dominicana : _b[s.n], _c1950. |
||
| 300 |
_a55 p. ; _c24 cm. |
||
| 049 | _aBNPD | ||
| 999 |
_c21342 _d21342 |
||